| 000 | 00781nam a2200277Ia 4500 | ||
|---|---|---|---|
| 003 | OSt | ||
| 005 | 20220925192218.0 | ||
| 006 | a|||||r|||| 00| 0 | ||
| 007 | ta | ||
| 008 | 220923b |||||||| |||| 00| 0 eng d | ||
| 020 | _a0071215921 | ||
| 037 | _cGeneral Book | ||
| 040 |
_aRTL _cRTL _beng |
||
| 041 |
_2eng _aeng |
||
| 082 | _aY:3(NW), P4 | ||
| 100 |
_aBORDWELL David _9141812 |
||
| 245 | 0 |
_aFilm art _b An introduction(with CD) |
|
| 250 | _a7th | ||
| 260 |
_aBoston _bMcGraw Hill _c2004 |
||
| 300 |
_axx, 532p _ccm. |
||
| 500 | _aBibliography chapterwise; Glossary P 501-506 | ||
| 650 | _aSociology | ||
| 700 |
_a THOMPSON Kristin _952057 |
||
| 942 |
_hY:3(NW), P4 _cGB _2CC |
||
| 999 |
_c521350 _d521350 |
||